000
00278nam a2200121Ia 4500
008
190216s9999||||xx |||||||||||||| ||und||
100
_a
Thomas C J
245
0
_a
Antigone
260
_b
University Of Calicut
_c
1997
300
_a
48p
650
_a
Malayalam Nadakam
942
_c
BK
999
_c
25919
_d
25919